Luyện giải trắc nghiệm vật lí 12
Nội dung tài liệu bao gồm 2 chương: dao động và sóng điện từ, dòng điện xoay chiều.
Wedi'i Gadw mewn:
| Prif Awdur: | |
|---|---|
| Fformat: | Llyfr |
| Iaith: | Undetermined |
| Cyhoeddwyd: |
Hà Nội
Giáo dục Việt Nam
2010
|
| Pynciau: | |
| Tagiau: |
Ychwanegu Tag
Dim Tagiau, Byddwch y cyntaf i dagio'r cofnod hwn!
|
| Thư viện lưu trữ: | Trung tâm Học liệu Trường Đại học Cần Thơ |
|---|
| LEADER | 00821nam a2200217Ia 4500 | ||
|---|---|---|---|
| 001 | CTU_191643 | ||
| 008 | 210402s9999 xx 000 0 und d | ||
| 020 | |c 33500 | ||
| 082 | |a 530.0712 | ||
| 082 | |b H121/T.2 | ||
| 100 | |a Bùi, Quang Hân | ||
| 245 | 0 | |a Luyện giải trắc nghiệm vật lí 12 | |
| 245 | 0 | |c Bùi Quang Hân, Nguyễn Duy Hiền, Nguyễn Tuyến | |
| 260 | |a Hà Nội | ||
| 260 | |b Giáo dục Việt Nam | ||
| 260 | |c 2010 | ||
| 520 | |a Nội dung tài liệu bao gồm 2 chương: dao động và sóng điện từ, dòng điện xoay chiều. | ||
| 650 | |a Physics,Vật lý | ||
| 650 | |x Study and teaching (Secondary),Dạy và học (trung học) | ||
| 904 | |i Bằng | ||
| 980 | |a Trung tâm Học liệu Trường Đại học Cần Thơ | ||